Logo BPK

Biblioteka

Politechniki Koszalińskiej

Literaturvermittler um die Jahrhundertwende : (Rekord nr 50336)

Szczegóły MARC
000 -ETYKIETA REKORDU
podpole kontrolne o stałej długości 00831nam a2200241 i 4500
001 - NUMER KONTROLNY REKORDU
pole kontrolne bgj
020 ## - MIĘDZYNARODOWY ZNORMALIZOWANY NUMER KSIĄŻKI - ISBN
ISBN 3861100940
040 ## - ŹRÓDŁO KATALOGOWANIA
Instytucja, która utworzyła rekord BPK
041 0# - KOD JĘZYKA
Kod języka tekstu ger
044 ## - KOD KRAJU WYDAWCY/PRODUCENTA
Kod kraju wydawcy/producenta DEU
080 ## - UNIWERSALNA KLASYFIKACJA DZIESIĘTNA - UKD
UKD 821.112.2
920 ## - Międzynarodowy znormalizowany numer książki – ISBN
ISBN 3-86110-094-0
008 - POLE O STAŁEJ DŁUGOŚCI - DANE KONTROLNE
podpole kontrolne o stałej długości s gw f |000 0 ger
245 10 - TYTUŁ/ODPOWIEDZIALNOŚĆ
Tytuł Literaturvermittler um die Jahrhundertwende :
Ciąg dalszy tytułu der J.C.C. Bruns' Verlag seine Autoren und Übersetzer /
Pozostałe elementy strefy tytułu i oznaczenia odpowiedzialności Klaus Martens (Hrsg.).
260 ## - STREFA ADRESU WYDAWNICZEGO
Miejsce wydania St. Ingbert :
Nazwa wydawcy/dystrybutora Röhrig Universitäts Verlag,
Data publikacji, dystrybucji/powstania dokumentu 1996.
300 ## - STREFA OPISU FIZYCZNEGO
Objętość 223 s. :
Inne cechy fizyczne il. ;
Rozmiary 24 cm.
490 1# - STREFA SERII I DOKUMENTU WIELOCZĘŚCIOWEGO - FORMA NIE DO WYSZUKIWANIA
Tytuł i oznaczenie odpowiedzialności serii Schriften der Saarländischer Universitäs- und Landesbibliothek
Numeracja w obrębie serii Bd. 1
504 ## - UWAGA DOTYCZĄCA BIBLIOGRAFII
Informacje o bibliografii Bibliogr. s. 213-215. Indeks.
650 9# - HASŁO PRZEDMIOTOWE W FORMIE NAZWY OGÓLNEJ LUB JEDNOSTKOWEJ
Nazwa ogólna lub geograficzna Literatura niemiecka
Określnik ogólny wystawy
700 1# - HASŁO DODATKOWE - NAZWA OSOBOWA
Nazwa osobowa MARTENS, Klaus.
830 ## - HASŁO DODATKOWE SERII LUB DOKUMENTU WIELOCZĘŚCIOWEGO - TYTUŁ UJEDNOLICONY
Tytuł ujednolicony Schriften der Saarländischer Universitäs- und Landesbibliothek
942 ## - DODATKOWE ELEMENTY (KOHA)
Typ dokumentu Książka
Egzemplarze
Wycofany Status egzemplarza Uszkodzony Dostępność Lokalizacja stała Lokalizacja bieżąca Miejsce przechowywania Sygnatura Kod kreskowy Typ dokumentu
      Dostępny Biblioteka Politechniki Koszalińskiej Biblioteka Politechniki Koszalińskiej Wypożyczalnia Językowa N 230 02436128 Książka
© 2023 Biblioteka Politechniki Koszalińskiej :: KOHA